Loading...
| Fine Arts - Classical Music | 0 | 2 | 0 | 0 | 20 | 116 | 117.50 | 0 | 0 | 0.42 | 3.12 |
| Science - Physics | 0 | 2 | 0 | 1 | 20 | 72 | 87.00 | 0 | 1 | 3.85 | 11.46 |
| Science - Chemistry | 0 | 2 | 1 | 0 | 15 | 73 | 80.00 | 0 | 1 | 6.21 | 15.63 |
| History - Other | 0 | 1 | 0 | 0 | 10 | 106 | 106.00 | 0 | 0 | 0.23 | 2.08 |
| History - World | 0 | 1 | 0 | 1 | 10 | 102 | 102.00 | 0 | 0 | 0.00 | 2.50 |
| Literature - American | 0 | 1 | 0 | 0 | 10 | 110 | 110.00 | 0 | 0 | 0.11 | 2.27 |
| Philosophy | 0 | 1 | 0 | 1 | 10 | 106 | 106.00 | 0 | 0 | 0.00 | 1.39 |
| Popular Culture | 0 | 1 | 0 | 0 | 10 | 41 | 41.00 | 0 | 0 | 12.55 | 14.00 |
| Religion | 0 | 1 | 0 | 0 | 10 | 86 | 86.00 | 0 | 0 | 4.65 | 5.00 |
| Science - Biology | 0 | 1 | 0 | 0 | 10 | 96 | 96.00 | 0 | 0 | 1.18 | 4.17 |
| Social Science | 0 | 1 | 0 | 1 | 10 | 97 | 97.00 | 0 | 0 | 0.00 | 2.00 |
| Fine Arts - Painting and Sculpture | 0 | 1 | 0 | 0 | 10 | 124 | 124.00 | 0 | 0 | 0.00 | 3.13 |
| History - American | 0 | 1 | 0 | 0 | 10 | 104 | 104.00 | 0 | 0 | 0.12 | 5.68 |
| Current Events | 0 | 1 | 0 | 0 | 10 | 94 | 94.00 | 0 | 0 | 4.59 | 12.12 |
| Geography | 0 | 1 | 1 | 0 | 5 | 66 | 66.00 | 0 | 0 | 8.91 | 8.33 |
| History - European | 0 | 0 | 1 | 0 | -5 | 0.00 | 0 | 0 | 0.00 | 0.00 |